| 000 | 00357 a2200145 4500 | ||
|---|---|---|---|
| 999 |
_c12333 _d12333 |
||
| 003 | OSt | ||
| 005 | 20240116162406.0 | ||
| 008 | 240116b ||||| |||| 00| 0 eng d | ||
| 020 | _a9780821218983 | ||
| 100 |
_aTrager, Philip, _d1935- |
||
| 245 | _aThe villas of Palladio | ||
| 260 |
_bBulfinch _c1992 |
||
| 700 |
_aScully, Vincent, _d1920-2017 |
||
| 942 | _2ddc | ||